| 000 | 01003cam a2200205 4500 | ||
|---|---|---|---|
| 001 | WB4009-04 | ||
| 008 | 040302n2004 000 0 eng u | ||
| 035 | _a(Sirsi) u125291 | ||
| 245 | _aManufacturing slowed in February | ||
| 260 | _c2004 | ||
| 490 |
_aCIPS New Release _v 1 March 2004 (1) |
||
| 520 | _aGrowth in manufacturing continued in February but at a slower rate than January according to the latest figures from the Chartered Institute of Purchasing and Supply (CIPS). A rise in factory output meant expansion was recorded for the eighth month in a row. However the CIPS "Purchasing managers' index fell from 55.8 in January to February's posting of 53.2 reflecting slower growth of both output and new orders. CIPS Press Release http://www.cips.org/BigPage.asp?CatID=42&PageID=17 7. | ||
| 590 | _aWB | ||
| 590 | _aWB | ||
| 650 | _aMANUFACTURING OUTPUT | ||
| 650 | _aMANUFACTURING INDUSTRY | ||
| 650 | _aCIPS PURCHASING MANAGERS' INDEX | ||
| 690 | _aECONOMIC ISSUES | ||
| 942 | _n0 | ||
| 999 |
_c117069 _d117069 |
||